Statistics for Flag Of A

Click here to take the quiz!

General Stats

  • This quiz has been taken 19 times
  • The average score is 11 of 13

Answer Stats

Answer% Correct
Albania
100%
Angola
100%
Argentina
100%
Australia
100%
Azerbaijan
100%
Afghanistan
92%
Algeria
92%
Antigua and Barbuda
92%
Armenia
92%
Austria
92%
Andorra
83%
Aruba
58%
American Samoa
33%

Score Distribution

Percentile by Number Answered

Percent of People with Each Score

Your Score History

You have not taken this quiz